| 000 | 00461cam a2200181ua 4500 | ||
|---|---|---|---|
| 001 | 2693 | ||
| 008 | 110908n ii |||gr||||Z||||||asm | ||
| 040 | _cMAIN | ||
| 082 | _a891.4512 | ||
| 100 |
_aKalita, Dhanranjan , _eTranslator. |
||
| 245 | 1 | 1 |
_aBhujan behar jhumura _cby Madhavadeva |
| 250 | _a1st. | ||
| 260 |
_aGolaghat: _bSaraswati Prakashan, _c2008. |
||
| 300 |
_a29p: _c23cm. |
||
| 653 | _aAssamese drama | ||
| 653 | _aBhujan behar jhumura | ||
| 942 | _cBK | ||
| 999 |
_c2544 _d2544 |
||